Southville International School and Colleges

Rules of court/ (Record no. 363873)

000 -LEADER
fixed length control field 00255nam a2200097Ia 4500
008 - FIXED-LENGTH DATA ELEMENTS--GENERAL INFORMATION
fixed length control field 200626s9999 xx 000 0 und d
020 ## - INTERNATIONAL STANDARD BOOK NUMBER
International Standard Book Number 971-23-3806-1
245 ## - TITLE STATEMENT
Title Rules of court/
260 ## - PUBLICATION, DISTRIBUTION, ETC. (IMPRINT)
Place of publication, distribution, etc Manila:
Name of publisher, distributor, etc Rex Book Store, Inc.
Date of publication, distribution, etc 2003
300 ## - PHYSICAL DESCRIPTION
Extent xii, 771 pages
Holdings
Barcode Shelving location Source of classification or shelving scheme Source of acquisition Date acquired Current Location Permanent Location Withdrawn status Full call number Damaged status Date last seen Koha item type Price effective from Lost status
SFU1356Southville Foreign University Section Donation2020-06-27Southville International School Affiliated with Foreign Universities LibrarySouthville International School Affiliated with Foreign Universities Library KPM 68 .R935 2003 2020-06-27Books2020-06-27 
Powered by Koha